书目信息 |
| 题名: |
马克思 恩格斯论艺术
|
|
| 作者: | 程代熙 著 | |
| 分册: | 第一卷 | |
| 出版信息: | 北京 中国社会科学出版社 1982 |
|
| 页数: | 335页 | |
| 开本: | 20cm | |
| 丛书名: | ||
| 单 册: | ||
| 中图分类: | A | |
| 科图分类: | ||
| 主题词: | ||
| 电子资源: | ||
| ISBN: | ||
| 000 | 00485nam0 2200169 450 | |
| 001 | 0728815141 | |
| 005 | 20070906095105.60 | |
| 010 | @dCNY2.35 | |
| 100 | @a20070819d km y0chiy0120 ea | |
| 101 | 0 | @achi |
| 200 | 1 | @a马克思 恩格斯论艺术@Ama ke si en ge si lun yi shu@h第一卷@f程代熙著@Fcheng dai xi zhu |
| 210 | @a北京@c中国社会科学出版社@d1982 | |
| 215 | @a335页@d20cm | |
| 690 | @aA@v3 | |
| 701 | 0 | @a程代熙@Acheng dai xi@4著 |
| 801 | 0 | @aCN@bPFT@c20070906 |
| 905 | @a213230@dA@eZW5:1@f1 | |
| 马克思 恩格斯论艺术.第一卷/程代熙著.-北京:中国社会科学出版社,1982 |
| 335页;20cm |
| ISBN :CNY2.35 |
| ● |
| 相关链接 |
|
|
|
|
正题名:马克思 恩格斯论艺术
索取号:A/ZW5:1
 
预约/预借
| 序号 | 登录号 | 条形码 | 馆藏地/架位号 | 状态 | 备注 |
| 1 | 7600004 | 276000042 | 密集书库-文学院/ [索取号:A/ZW5:1] | 在馆 | |
| 2 | 7600005 | 276000051 | 密集书库-文学院/ [索取号:A/ZW5:1] | 在馆 |